| Tag |
First Indicator |
Second Indicator |
Subfields |
| LEADER |
00000cam a2200000 a 4500 |
| 001 |
in00000771925 |
| 005 |
20151017050531.0 |
| 008 |
881212s1988 sz 00011 ger d |
| 020 |
|
|
|a 3251001299
|
| 035 |
|
|
|a (OCoLC)18887845
|
| 035 |
|
|
|9 ADK1048AM
|
| 040 |
|
|
|a GZM
|c GZM
|d TXA
|d UtOrBLW
|
| 049 |
|
|
|a TXAM
|c [A12671199]
|
| 050 |
|
4 |
|a PT2668.E6
|b M3 1988
|
| 100 |
1 |
|
|a Henscheid, Eckhard,
|d 1941-
|
| 245 |
1 |
0 |
|a Maria Schnee :
|b eine Idylle /
|c Eckhard Henscheid.
|
| 264 |
|
1 |
|a Zürich :
|b Haffmans,
|c [1988]
|
| 264 |
|
4 |
|c ©1988
|
| 300 |
|
|
|a 229 pages ;
|c 19 cm.
|
| 336 |
|
|
|a text
|b txt
|2 rdacontent
|
| 337 |
|
|
|a unmediated
|b n
|2 rdamedia
|
| 338 |
|
|
|a volume
|b nc
|2 rdacarrier
|
| 999 |
|
|
|a MARS
|
| 999 |
f |
f |
|s 51ba12e4-ff84-3672-9fa7-793820037061
|i 04f6fb94-b7f1-35a1-b56b-23603b89207d
|t 0
|
| 952 |
f |
f |
|p ric
|a Texas A&M University
|b Rellis Campus
|c Joint Library Facility
|d Remote Storage
|t 0
|e PT2668.E6 M3 1988
|h Library of Congress classification
|i unmediated -- volume
|m A14812671199
|
| 998 |
f |
f |
|a PT2668.E6 M3 1988
|t 0
|l Remote Storage
|